000 00409cam a2200157ua 4500
041 _aeng
_h
082 _a823.308
_bAND/FA
100 _aAnderson, Hans Christian .
245 _aFairy tales and stories /
_cHans Christian Anderson.
_hTextual Documents
250 _a1 /
_b.
260 _aLondon :
_bJ M Dent and Sons Ltd ,
_c1960.
300 _a416 ; .
504 _a
942 _cBK
999 _c6895
_d6895